000 00929nam a22002177a 4500
999 _c3909
_d3909
005 20241119115715.0
008 241119b ||||| |||| 00| 0 eng d
020 _a9781782959533
040 _cKH8
082 _aFIC GRA
100 _aGray, Kes
_eAuthor
245 _aDaisy and the trouble with sports day
_cKes Gray
260 _aLondon,
_b Red Fox,
_c2020
300 _a 1 volume :
_billustrations (black and white) ;
_c20 cm
520 _aDaisy's getting into trouble again, and this time it's at her school sports day! Daisy's determined to win her race, and she and best friend Gabby have been training hard. They're going for gold! They're in the zone! They're sticking to a strict athlete's diet of Mars bars, Twiglets and cheese strings! Trouble is, everyone else in the class wants to win too
521 _a5+.
650 _aChildren's stories
650 _aFiction
650 _aGeneral
942 _2ddc
_cFIC